Swansea City Squad 2023-2024 - Statistics

General Stats
  • This quiz has been taken 17 times
  • The average score is 22 of 35
Answer Stats
# Position Nation Player % Correct
10 FW Jamaica Jamal Lowe
100%
7 MF Wales Joe Allen
100%
35 FW Brazil Ronald
100%
5 DF Wales Ben Cabango
93%
6 DF England Harry Darling
93%
20 FW Wales Liam Cullen
93%
2 DF England Josh Key
86%
8 MF England Matt Grimes
86%
1 GK England Andy Fisher
79%
4 MF Scotland Jay Fulton
79%
31 MF Wales Oliver Cooper
79%
22 GK England Carl Rushworth
71%
9 FW England Jerry Yates
71%
14 DF England Josh Tymon
71%
47 MF Scotland Azeem Abdulai
64%
11 FW England Josh Ginnelly
64%
3 DF Denmark Kristian Pedersen
64%
26 DF England Kyle Naughton
64%
- Coach England Luke Williams
64%
17 FW Poland Przemysław Płacheta
64%
12 MF England Jamie Paterson
57%
23 DF England Nathan Wood
57%
21 DF Indonesia Nathan Tjoe-A-On
50%
17 FW DR Congo Yannick Bolasie
50%
- Coach Ireland Alan Sheehan
43%
45 MF Wales Cameron Congreve
43%
18 MF England Charlie Patino
43%
30 DF Scotland Harrison Ashby
43%
28 MF England Liam Walsh
43%
- Coach Northern Ireland Michael Duff
43%
19 FW Ukraine Mykola Kukharevych
36%
29 GK England Nathan Broome
36%
24 FW England Charles Sagoe Jr
29%
15 DF England Nathanael Ogbeta
29%
33 DF England Bashir Humphreys
21%
No matching quizzes found
Score Distribution
Percent of People with Each Score
Percentile by Number Answered
Your Score History
You have not taken this quiz